000 00277nam a2200121Ia 4500
100 _aSavla/Asha
650 _aGeneral
942 _cBK
654 _aBridal Mehendi Creations
245 _aBridal Mehendi Creations
260 _bAashiya Publications
_aMumbai
546 _aENGLISH
999 _c30395
_d30395